[Event "77th ch-BUL 2013"]
[Site "Bankya BUL"]
[Date "2013.04.25"]
[Round "11.6"]
[White "Nikolov,Mo"]
[Black "Dimitrov,R"]
[Result "0-1"]
[WhiteElo "2527"]
[BlackElo "2420"]

1.d4 d5 2.Nf3 Nf6 3.c4 c6 4.Nc3 a6 5.c5 Nbd7 6.Bf4 Nh5 7.Bd2 e5 8.Nxe5 Nxe5
9.dxe5 Qe7 10.Na4 Qxe5 11.Bc3 Qe4 12.Qd4 Be6 13.Qxe4 dxe4 14.e3 Nf6 15.b3 Nd5
16.Bd4 Nb4 17.Kd2 Rd8 18.Kc3 Nd5+ 19.Kc2 f5 20.g3 Kf7 21.Be2 Be7 22.Bh5+ g6
23.Bxh8 Rxh8 24.Be2 Nb4+ 25.Kc3 a5 26.Kb2 Bf6+ 27.Nc3 a4 28.Rac1 Nd5 29.bxa4 Ra8
30.Bd1 Rd8 31.Bb3 Nxc3 32.Bxe6+ Kxe6 33.Rxc3 Rd2+ 34.Kb3 Bxc3 35.Kxc3 Rxf2
36.Rb1 Rxh2 37.Rxb7 Rxa2 38.Kb3 Re2 39.a5 Rxe3+ 40.Kb2 Rd3 41.a6 Rd8 42.a7 Ra8
43.Rxh7 Kd5 44.Kc3 Kxc5 45.Rb7 Kd5 46.Re7 Kd6 47.Rg7 Ke5 48.Kd2 Kf6 49.Rc7 Kg5
50.Ke3 c5 51.Rg7 c4 52.Kd4 Kh5 53.Kxc4 g5 54.Kd4 Rd8+ 55.Kc3 Kg4 56.Rb7 e3
57.Rb8 e2 58.Rxd8 e1=Q+ 59.Kc4 Qe2+  0-1

[Event "TCh-CZE Extraliga 2012-13"]
[Site "Czech Republic CZE"]
[Date "2013.04.26"]
[Round "9.6"]
[White "Zilka,S"]
[Black "Neuman,P"]
[Result "1/2-1/2"]
[WhiteElo "2529"]
[BlackElo "2471"]

1.d4 d5 2.c4 c6 3.Nf3 Nf6 4.Nc3 a6 5.c5 Nbd7 6.Bf4 Nh5 7.Bd2 Nhf6 8.Bf4 Nh5
9.Bd2 Nhf6 10.Rc1 g6 11.h3 Qc7 12.g3 Bg7 13.Bf4 Qd8 14.Bg2 O-O 15.O-O Nh5
16.Bg5 f6 17.Bd2 f5 18.Na4 e5 19.dxe5 Nxe5 20.Bc3 Nxf3+ 21.Bxf3 Bxc3 22.bxc3 Nf6
23.Nb6 Rb8 24.c4 dxc4 25.Nxc8 Rxc8 26.Rxc4 Qxd1 27.Rxd1 Rcd8 28.Rb1 Rf7 29.Rcb4 Rdd7
30.e3 h5 31.Kg2 Kg7 32.h4 Rfe7 33.R1b2 Kf8 34.Kf1 Kf7 35.Ke1 Kf8 36.Rd2 Ke8
37.Rbb2 Kf7 38.Kd1 Rc7 39.Rd4 Nd7 40.Rc2 Re5 41.Rdc4 Nf6 42.Kd2 Ke7 43.Kc3 Rd7
44.Kb4 Kd8 45.Rd4 Kc7 46.Rc1 Ne4 47.Bxe4 Rxd4+ 48.exd4 Rxe4 49.Kc3 b6 50.cxb6+ Kxb6
51.Kd3 Rg4 52.Rb1+ Kc7 53.Re1 Kd6 54.Kc4 c5 55.Rd1 Kc6 56.Rd3 Re4 57.f3 Re1
58.dxc5 Rc1+ 59.Kd4 Rxc5 60.Ra3 a5 61.Ke3 Kb5 62.Kf4 a4 63.Kg5 Rc6 64.Rd3 Kb4
65.g4 fxg4 66.fxg4 hxg4 67.a3+ Kc4 68.Rg3 Rb6 69.Kh6 Rc6 70.Rxg4+ Kb3 71.Rxg6 Rxg6+
72.Kxg6 Kxa3 73.h5 Kb2 74.h6 a3 75.h7 a2 76.h8=Q+ Kb1 77.Kf5 a1=Q 78.Qxa1+ Kxa1
79.Ke4  1/2-1/2

[Event "TCh-CZE Extraliga 2012-13"]
[Site "Czech Republic CZE"]
[Date "2013.04.28"]
[Round "11.6"]
[White "Juptner,J"]
[Black "Neuman,P"]
[Result "1/2-1/2"]
[WhiteElo "2364"]
[BlackElo "2471"]

1.d4 d5 2.c4 c6 3.Nf3 Nf6 4.Nc3 a6 5.c5 Nbd7 6.Bf4 Nh5 7.Bd2 Nhf6 8.Bf4 Nh5
9.Bd2 Nhf6 10.Bf4 Nh5 11.Ng1  1/2-1/2

[Event "48th Capablanca Open II 2013"]
[Site "Havana CUB"]
[Date "2013.04.28"]
[Round "7.10"]
[White "Parra Gomez,A"]
[Black "Batista,Geo"]
[Result "0-1"]
[WhiteElo "2130"]
[BlackElo "2251"]

1.d4 d5 2.c4 c6 3.Nc3 Nf6 4.Nf3 a6 5.e3 b5 6.b3 Bg4 7.Be2 Bxf3 8.Bxf3 e6
9.O-O Nbd7 10.Be2 Bd6 11.f4 b4 12.Nb1 Ne4 13.Qe1 a5 14.Nd2 Nxd2 15.Bxd2 O-O
16.c5 Bc7 17.Bd3 f5 18.a3 bxa3 19.Rxa3 Kh8 20.Rf3 Rg8 21.Kh1 g5 22.fxg5 Qxg5
23.Qf2 Qh5 24.Rh3 Qd1+ 25.Qe1 Qg4 26.Qe2 Qg7 27.Be1 Nf6 28.Bg3 Ng4 29.Bxc7 Qxc7
30.Qe1 Ra7 31.Kg1 Qg7 32.Qe2 Rb7 33.Bc2 Rb5 34.Qd2 Qg5 35.Bd1 Qg7 36.Rg3 Qc7
37.Qe1 Rg6 38.Bxg4 fxg4 39.e4 Qf4 40.Re3 Qf6 41.e5 Qf4 42.Qf2 Qh6 43.Re1 Qg7
44.Rf1 g3 45.Qf8+ Qxf8 46.Rxf8+ Kg7 47.Rf4 h5 48.h3 Kh6 49.Kf1 Kg5 50.Rf3 h4
51.Ke2 Rg8 52.Kd3 Rgb8 53.Kc2 Rb4 54.Rd3 Rf8 55.Rxa5 Rf2+ 56.Kc3 Rb8 57.Ra7 Rbf8
58.Rg7+ Kh6 59.Rg4 Kh5 60.Rd1 Rxg2 61.Ra1 Rf3+ 62.Kb4 Rb2 63.Ka5 Rfxb3 64.Ka4 Rb8
65.Ka3 R2b5  0-1

[Event "TCh-SUI 2013"]
[Site "Switzerland SUI"]
[Date "2013.04.28"]
[Round "2.7"]
[White "Kaczmarczyk,D"]
[Black "Gruenenwald,J"]
[Result "0-1"]
[WhiteElo "2371"]
[BlackElo "2308"]

1.d4 d5 2.c4 c6 3.Nc3 Nf6 4.Nf3 a6 5.c5 Bf5 6.Bf4 Nbd7 7.h3 e6 8.e3 Be7 9.Be2 O-O
10.O-O Ne4 11.Nxe4 Bxe4 12.Bh2 Bxf3 13.Bxf3 Bf6 14.e4 dxe4 15.Bxe4 g6 16.b4 Bg7
17.Bf3 Qh4 18.Bg4 h5 19.Bg3 Qf6 20.Bf3 Qxd4 21.Qb3 Ne5 22.Rad1 Nxf3+ 23.Qxf3 Qxb4
24.Bd6 Rfc8 25.Rb1 Qc4 26.Rxb7 e5 27.Rfb1 e4 28.Qf4 a5 29.a4 Re8 30.R1b3 Bd4
31.Rg3 Qe6 32.Kh2 Rad8 33.Rc7 h4 34.Qxh4 Bxf2 35.Rxg6+ Qxg6 36.Qxf2 Rxd6
37.cxd6 Qxd6+  0-1

[Event "48th Capablanca Open I 2013"]
[Site "Havana CUB"]
[Date "2013.04.30"]
[Round "9.11"]
[White "Otero Acosta,D"]
[Black "Gongora Reyes,M"]
[Result "1/2-1/2"]
[WhiteElo "2471"]
[BlackElo "2428"]

1.d4 d5 2.c4 c6 3.Nf3 Nf6 4.Nc3 a6 5.e3 b5 6.c5 g6 7.a3 a5 8.Bd2 Bg7 9.b4 O-O
10.bxa5 Rxa5 11.a4 bxa4 12.Rxa4 Rxa4 13.Qxa4 Qc7 14.Be2 Bg4 15.h3 Bxf3 16.Bxf3 e5
17.O-O Nbd7 18.Rb1 Bh6 19.Be1 Re8 20.Na2 exd4 21.exd4 Kg7 22.g3 Ne4 23.Nb4 Re6
24.Nd3 Bd2 25.Bxe4 Bxe1 26.Bg2 Qa5 27.Qd1 Bc3 28.Rb7 Nf6 29.Ne5 Qa1 30.Qxa1 Bxa1
31.Nxf7 Kg8 32.Ng5 Re1+ 33.Kh2 Bxd4 34.Nf3 Rd1 35.Nxd4 Rxd4 36.Rc7 Rd2 37.Rxc6 Kf7
38.f4 Rc2 39.g4 d4 40.Kg3 d3 41.Bf3 Ne8 42.Rc8 Ke7 43.Ra8 Rxc5 44.Ra3 d2
45.Re3+ Kf8 46.Rd3 Rc2 47.Bd1 Rb2 48.Kf3 Ke7 49.Ke3 Nd6 50.Rc3 Nb5 51.Rb3 Rxb3+
52.Bxb3 h6 53.h4 g5 54.fxg5 hxg5 55.h5 Kf6 56.Kxd2 Nd6 57.Ke3 Kg7 58.Kd4 Ne8
59.Ke3 Nf6 60.h6+ Kg6 61.Bc2+ Kxh6 62.Kf3  1/2-1/2

[Event "Llucmajor Open 2013"]
[Site "Llucmajor ESP"]
[Date "2013.05.01"]
[Round "4.1"]
[White "Petkov,V"]
[Black "Krivoshey,S"]
[Result "1-0"]
[WhiteElo "2566"]
[BlackElo "2483"]

1.d4 d5 2.c4 c6 3.Nf3 Nf6 4.Nc3 a6 5.a4 e6 6.g3 dxc4 7.e4 Bb4 8.e5 Nd5 9.Bd2 O-O
10.Bxc4 c5 11.O-O cxd4 12.Nxd5 Bxd2 13.Nf6+ gxf6 14.Qxd2 Nc6 15.Rfe1 fxe5
16.Nxe5 Qf6 17.Ng4 Qg7 18.Qf4 Kh8 19.Rad1 Bd7 20.b4 Nxb4 21.Nf6 Bxa4 22.Re5 Bc2
23.Nh5 Qg6 24.Rde1 f6 25.Rxe6 Qxh5 26.Rxf6 Qc5 27.Re5 Qc8 28.Qxd4 Rxf6 29.Re8+ Kg7
30.Rxc8 Rxc8 31.Qd7+ Kg6 32.Qxc8 Rc6 33.Qg8+  1-0

[Event "Nakhchivan Open A 2013"]
[Site "Nakhchivan AZE"]
[Date "2013.05.01"]
[Round "9.13"]
[White "Zhukova,N"]
[Black "Yilmaz,M"]
[Result "0-1"]
[WhiteElo "2476"]
[BlackElo "2531"]

1.d4 d5 2.c4 c6 3.Nf3 Nf6 4.Nc3 a6 5.Qb3 e6 6.Bg5 dxc4 7.Qxc4 b5 8.Qd3 c5
9.Bxf6 gxf6 10.d5 Bb7 11.e4 Nd7 12.Rd1 c4 13.Qc2 Qb6 14.Be2 Bg7 15.O-O Nc5
16.b4 cxb3 17.axb3 Rc8 18.Qa2 f5 19.dxe6 Bxc3 20.exf7+ Kf8 21.exf5 Qf6 22.g3 Qxf5
23.b4 Ne4 24.Qa5 Qxf7 25.Qb6 Bf6 26.Nd4 Re8 27.Bg4 h5 28.Ne6+ Kg8 29.Bf5 Be5
30.Nd8 Qxf5 31.Qxb7 Nc3 32.Rd7 Rh7 33.Rxh7 Qxh7 34.Qc6 Ne2+ 35.Kg2 Rxd8 36.Qe6+ Qf7
37.Qxe5 Qd5+ 38.Qxd5+ Rxd5  0-1

[Event "46th ch-JPN"]
[Site "Tokyo JPN"]
[Date "2013.05.01"]
[Round "2.8"]
[White "Sakai,Sou"]
[Black "Sugimoto,K"]
[Result "1-0"]
[WhiteElo "1831"]
[BlackElo "1989"]

1.d4 d5 2.Nf3 Nf6 3.c4 c6 4.Nc3 a6 5.cxd5 cxd5 6.Bf4 Nc6 7.e3 Bf5 8.Bd3 Bxd3
9.Qxd3 Rc8 10.O-O e6 11.Rfc1 Bd6 12.Bxd6 Qxd6 13.Na4 O-O 14.Nc5 Rc7 15.a3 e5
16.Nxe5 Nxe5 17.dxe5 Qxe5 18.Na4 Rfc8 19.Rxc7 Rxc7 20.Nc3 Ng4 21.g3 Qh5 22.h4 Nf6
23.Kg2 Rd7 24.Rc1 g6 25.Qd4 Qf5 26.Ne2 Re7 27.Qf4 Qe4+ 28.Kg1 Kg7 29.Nc3 Qxf4
30.gxf4 Rd7 31.Ne2 Kh6 32.Kg2 Kh5 33.Ng3+ Kh6 34.Ne2 Kg7 35.Rd1 Kf8 36.Kf1 Ke7
37.Rc1 h5 38.Nd4 Ne4 39.Ke2 Nd6 40.b3 Kd8 41.Kd3 Ne4 42.Nf3 Nxf2+ 43.Kd4 f6
44.Rc5 Re7 45.Rxd5+ Kc7 46.Nd2 Ng4 47.e4 Nh6 48.Rc5+ Kb8 49.Nc4 Nf7 50.e5 fxe5+
51.fxe5 Nd8 52.Rd5 Ne6+ 53.Ke4 Rf7 54.Rd6 Rf4+ 55.Ke3  1-0

[Event "Chinese Teams 2013"]
[Site "Tianjin CHN"]
[Date "2013.05.02"]
[Round "3.5"]
[White "Shen Yang"]
[Black "Gu,T"]
[Result "1-0"]
[WhiteElo "2397"]
[BlackElo "1986"]

1.d4 d5 2.Nf3 Nf6 3.c4 c6 4.Nc3 a6 5.c5 Nbd7 6.Bf4 Nh5 7.Bd2 Nhf6 8.h3 e5
9.dxe5 Ne4 10.Nxe4 dxe4 11.Ng5 Nxc5 12.b4 Ne6 13.Nxe4 Qd4 14.Nd6+ Bxd6 15.exd6 O-O
16.e3 Qxd6 17.Bc3 Qe7 18.Be2 Rd8 19.Qc1 Nc7 20.a3 Bf5 21.O-O Ne6 22.Qb2 Bd3
23.Rad1 Bxe2 24.Qxe2 h6 25.e4 a5 26.f4 axb4 27.axb4 Rxd1 28.Qxd1 Ra2 29.Qb1 Re2
30.Qd3 Ra2 31.Kh1 Qh4 32.Be5 Rf2 33.Rxf2 Qxf2 34.Qd7 Qe1+ 35.Kh2 Qxe4 36.Qe8+ Kh7
37.Qxf7 Qg6 38.Qxb7 Nd8 39.Qd7 Nf7 40.f5 Qh5 41.Bb2 Kg8 42.Qe8+ Kh7 43.Qe6 Ng5
44.Qxc6 Nf7 45.Qd7 Kg8 46.b5 Qg5 47.Qe8+ Kh7 48.Qxf7  1-0

[Event "Llucmajor Open 2013"]
[Site "Llucmajor ESP"]
[Date "2013.05.03"]
[Round "7.6"]
[White "Panelo,M"]
[Black "Kasparov,S"]
[Result "1/2-1/2"]
[WhiteElo "2429"]
[BlackElo "2478"]

1.d4 d5 2.c4 c6 3.Nf3 Nf6 4.Nc3 a6 5.c5 g6 6.h3 Bg7 7.Bf4 Nbd7 8.e3 O-O 9.Be2 Re8
10.O-O Nf8 11.Na4 N6d7 12.Bg3 e5 13.dxe5 Nxe5 14.Nb6 Rb8 15.e4 Nfd7 16.exd5 Nxb6
17.dxc6 Nd5 18.c7 Qxc7 19.Qxd5 Be6 20.Qe4 Bd7 21.Qb4 Nxf3+ 22.Bxf3 Be5 23.Bxe5 Rxe5
24.Rac1 Bc6 25.Bxc6 bxc6 26.Qc3 Re2 27.Rc2 Rxc2 28.Qxc2 Qe5 29.b3 a5 30.Rd1 Rb5
31.Rc1 Rb4 32.Qd2 Qd4 33.Qe2 Qe4 34.Qd2 Qd4 35.Qg5 Kg7 36.Qg3 a4 37.Qf3 axb3
38.axb3 Qf6 39.Qxf6+ Kxf6 40.Rd1 Rxb3 41.Rd6+ Ke7 42.Rxc6 Kd7 43.Ra6 Rc3
44.Ra7+ Ke6 45.Rc7 h5 46.h4 Rc1+ 47.Kh2 Rc2 48.Kg3 Rc3+ 49.f3 Rc4 50.c6 Rc2
51.Kh2 Rc3 52.Kg1 Rc4 53.g3 Rc2 54.Kf1 f5 55.Ke1 Kd5 56.Rd7+ Kxc6 57.Rg7 Kd5
58.Rxg6 Kd4 59.Rg5 Ke3 60.Kd1 Rd2+ 61.Kc1 Rg2 62.Rxh5 f4 63.gxf4 Kxf4 64.Rh8 Kxf3
65.h5 Rg7 66.h6 Rf7 67.Kd2 Kf4 68.h7 Kf5 69.Ke3 Kg6 70.Ke4 Rxh7 71.Rxh7 Kxh7  1/2-1/2

[Event "Chinese Teams 2013"]
[Site "Tianjin CHN"]
[Date "2013.05.03"]
[Round "4.1"]
[White "Zhao Xue"]
[Black "Munguntuul,B"]
[Result "1/2-1/2"]
[WhiteElo "2565"]
[BlackElo "2436"]

1.d4 d5 2.c4 c6 3.Nc3 Nf6 4.Nf3 a6 5.e3 b5 6.b3 Bf5 7.Ne5 h6 8.g4 Bh7 9.Bg2 e6
10.O-O Bd6 11.a4 b4 12.Na2 a5 13.Bb2 O-O 14.Nc1 Nfd7 15.Ne2 Bc7 16.f4 Ra6
17.Ng3 Nxe5 18.fxe5 Nd7 19.Qe2 Ra7 20.Rad1 Qe7 21.Rf2 Raa8 22.Rdf1 Rad8 23.Nh5 Kh8
24.c5 f6 25.exf6 Nxf6 26.Nxf6 Rxf6 27.Rxf6 gxf6 28.e4 Re8 29.Qf2 Rg8 30.h3 h5
31.Qxf6+ Qxf6 32.Rxf6 hxg4 33.h4 Rg6 34.Rf8+ Rg8 35.Rf6 Rg6 36.Rf8+ Rg8 37.Rf6  1/2-1/2

[Event "2nd Jan Van Leeuwen Memorial"]
[Site "Ghent BEL"]
[Date "2013.05.07"]
[Round "7.1"]
[White "Van der Stricht,G"]
[Black "Van de Wynkele,E"]
[Result "1/2-1/2"]
[WhiteElo "2379"]
[BlackElo "2008"]

1.d4 d5 2.c4 c6 3.Nf3 Nf6 4.Nc3 a6 5.a4 e6 6.Bg5 a5 7.e3 Na6 8.Ne5 Be7 9.Be2 Nb4
10.O-O h6 11.Bh4 O-O 12.Na2 Nxa2 13.Rxa2 c5 14.dxc5 Qc7 15.Nd3 dxc4 16.Bg3 Qd8
17.Ne5 Bxc5 18.Bxc4 Ne4 19.Qc2 Nxg3 20.hxg3 Bd6 21.Nf3 Qe7 22.b3 b6 23.Bd3 Bb7
24.Bh7+ Kh8 25.Be4 Rac8 26.Qd3 Rfd8 27.Bxb7 Qxb7 28.Rd1 Be7 29.Qb1 Bf6 30.Rad2 Rxd2
31.Nxd2 b5 32.axb5 Qxb5 33.Rc1 Rxc1+ 34.Qxc1 Qd3 35.Nc4 Qxb3 36.Nxa5 Qc3
37.Qxc3 Bxc3 38.Nc4 Kg8 39.g4 Kf8 40.f4 Ke7 41.Kf2 f6 42.Ke2 g6 43.Kd3 Bb4
44.Kd4 Bd6 45.Ke4 f5+ 46.gxf5 gxf5+ 47.Kd4 Bc7 48.Kc5 Bb8 49.Kd4 Kf6 50.g3 h5
51.Kd3 Bc7 52.Ke2 Kg6 53.Kf3 Kf6 54.Kg2 Kg6 55.Kf2 Kf6 56.Kf3 e5 57.Kg2 exf4
58.gxf4 Ke6 59.Kf3 Bd8 60.Nd2 Kd5 61.Nb3 Bf6 62.Nc1 h4 63.Ne2 Kc4 64.Ng1 Kd3
65.Nh3 Bd8 66.Nf2+ Kd2 67.e4 fxe4+ 68.Nxe4+ Kd3 69.Ng5 Bf6 70.Ne4 Be7 71.Nf2+ Kd4
72.Kg4 Kd5 73.Nh3 Ke6 74.Ng1 Kf6 75.Nf3 Bd6 76.f5 h3 77.Kxh3 Kxf5  1/2-1/2

[Event "Tschaturanga Open 2013"]
[Site "Vienna AUT"]
[Date "2013.05.11"]
[Round "6.6"]
[White "Sadilek,P"]
[Black "Abdullayev,Rufat"]
[Result "1/2-1/2"]
[WhiteElo "2275"]
[BlackElo "1671"]

1.d4 d5 2.c4 c6 3.Nf3 Nf6 4.Nc3 a6 5.cxd5 cxd5 6.Bf4 Nc6 7.Rc1 e6 8.e3 Be7
9.Bd3 Bd7 10.Ne5 Nxe5 11.dxe5 Ne4 12.Bxe4 dxe4 13.O-O h5 14.Nxe4 Bb5 15.Re1 Qxd1
16.Rexd1 Bc6 17.Nd6+ Bxd6 18.Rxd6 Ke7 19.Rcd1 Rhg8 20.h4 Rac8 21.f3 Bb5 22.Rb6 Bc6
23.Rb4 Rcd8 24.Rd6 Rc8 25.e4 Rc7 26.Be3 Rgc8 27.Bb6 Rd7 28.Rbd4 Bb5 29.b3 Rc1+
30.Kh2 Rxd6 31.exd6+ Kd7 32.e5 Rc2 33.Rf4 Ke8 34.a4 Bc6 35.Rc4 Rxc4 36.bxc4 Bxa4
37.Kg3 f6 38.Kf4 Kf7 39.g4 Kg6 40.Bd8 hxg4 41.fxg4 b5 42.c5 b4 43.Ba5 b3
44.Bc3 Bb5 45.h5+ Kf7 46.exf6 gxf6 47.g5 e5+ 48.Kg4 a5 49.gxf6 Kxf6 50.h6 a4
51.Bb2 Bd7+ 52.Kh5 Be8+ 53.Kg4 Bd7+ 54.Kf3 Bc6+ 55.Ke3 Kg6 56.Ba3 Kxh6 57.d7 Bxd7
58.Ke4  1/2-1/2

[Event "7th IBC Limburg Open"]
[Site "Limburg NED"]
[Date "2013.05.19"]
[Round "5.2"]
[White "Sokolov,Ivan"]
[Black "Hovhanisian,M"]
[Result "1/2-1/2"]
[WhiteElo "2642"]
[BlackElo "2491"]

1.d4 d5 2.c4 c6 3.Nf3 Nf6 4.Nc3 a6 5.cxd5 cxd5 6.Bf4 Nc6 7.Ne5 e6 8.e3 Bd6
9.Bg3 Qc7 10.Nxc6 Qxc6 11.Bd3 Bd7 12.Bh4 Qb6 13.Qe2 Rc8 14.O-O Bb4 15.Rfc1 Qa5
16.Qf3 Be7 17.a3 O-O 18.b4 Qd8 19.Bg3 Bc6 20.Be5 Bd6 21.Qf4 Bxe5 22.dxe5 Nd7
23.Qd4 f6 24.exf6 e5 25.Qh4 Nxf6 26.Bf5 Bd7 27.Bd3 Bc6 28.Rd1 Qe8 29.Rac1 Kh8
30.h3 Qf7 31.a4 d4 32.exd4 g5 33.Qg3 exd4 34.Ne2 Bxa4 35.Rxc8 Rxc8 36.Rd2 Qd5
37.Bb1 Qb3 38.Bd3 Qd5 39.f3 Re8 40.h4 gxh4 41.Qxh4 Qe5 42.Ng3 Qe3+ 43.Kh1 Rf8
44.Nf1 Qe5 45.Re2 Qh5 46.Qxh5 Nxh5 47.Re7 Nf4 48.Be4 Bb5 49.Nd2 d3 50.Rxh7+ Kg8
51.Rh4 Ne2 52.Bxb7 Rb8 53.Bd5+ Kg7 54.Ne4 Rd8 55.Rg4+ Kh6 56.Be6 d2 57.Rh4+ Kg6
58.Rg4+ Kh6 59.Rh4+ Kg6 60.Rg4+ Kh5 61.Bb3 d1=Q+ 62.Bxd1 Rxd1+ 63.Kh2 Kh6
64.Rg8 Bc6 65.Nf6 Rd6 66.Ng4+ Kh7 67.Rg5 Bd7 68.Rh5+ Kg7 69.Rg5+ Kf8 70.Re5 Bxg4
71.Rxe2 Be6 72.g4 Kf7 73.Re4 Rc6 74.Kg3 Rc4 75.Rxc4  1/2-1/2

[Event "Hungarian National Open 2013"]
[Site "Zalakaros HUN"]
[Date "2013.05.23"]
[Round "2"]
[White "Juhasz,A"]
[Black "Medvegyne Balogh,E"]
[Result "1-0"]
[WhiteElo "2198"]
[BlackElo "2052"]

1.d4 d5 2.c4 c6 3.Nf3 Nf6 4.Nc3 a6 5.a4 a5 6.Ne5 Nbd7 7.Bf4 e6 8.e3 Qb6 9.Rb1 Nxe5
10.Bxe5 Nd7 11.Bg3 Be7 12.Bd3 O-O 13.Qc2 f5 14.cxd5 cxd5 15.Nb5 Nf6 16.O-O Bd7
17.Bc7 Qa6 18.Qb3 b6 19.Rbc1 Qb7 20.Rc2 Rfc8 21.Rfc1 Ne8 22.g3 Bxb5 23.Bxb5 Rxc7
24.Rxc7 Nxc7 25.Bc6 Qa7 26.Bxa8 Nxa8 27.Rc8+ Kf7 28.Qb5 Kf6 29.Qc6 Qa6 30.Rxa8 Qd3
31.Qc1 Qb3 32.Rb8 h6 33.Rb7 Bd8 34.Qc8 Be7 35.Qc7 Qb4 36.Rxb6 Qe1+ 37.Kg2 Qb1
38.Qe5+  1-0

[Event "22nd TCh-CRO Cup 2013"]
[Site "Bol na Bracu CRO"]
[Date "2013.05.24"]
[Round "4.13"]
[White "Jankovic,A"]
[Black "Jovanic,O"]
[Result "1-0"]
[WhiteElo "2537"]
[BlackElo "2535"]

1.d4 d5 2.c4 c6 3.Nf3 Nf6 4.Nc3 a6 5.a4 e6 6.e3 c5 7.Bd3 Nc6 8.O-O Be7 9.cxd5 exd5
10.dxc5 O-O 11.b3 Bxc5 12.Ne2 Bg4 13.Bb2 Bd6 14.Nfd4 Re8 15.Rc1 Nxd4 16.Bxd4 Be5
17.f3 Bd7 18.Qd2 Qb8 19.h3 Bxd4 20.Nxd4 Qe5 21.Rfe1 a5 22.g4 h6 23.Qh2 Qe7
24.h4 Rac8 25.Rcd1 g6 26.h5 gxh5 27.gxh5 Qe5 28.Qh4 Kh8 29.Kf2 Rg8 30.Rg1 Rce8
31.Rxg8+ Rxg8 32.Rh1 Qg5 33.Qxg5 hxg5 34.Rc1 Rc8 35.Rxc8+ Bxc8 36.Bf5 Bd7
37.Kg3 Be8 38.f4 Nxh5+ 39.Kg4 f6 40.fxg5 fxg5 41.Kxg5 Ng3 42.Kf4 Nxf5 43.Kxf5 Kg7
44.Ke5 Bf7 45.Ne6+ Kg6 46.Nf4+ Kg7 47.Nxd5 Bh5 48.Kd4 Bd1 49.Kc3 Be2 50.Nb6 Kf6
51.Nc4 Ke6 52.Nxa5 Bf3 53.Kd4 Kd6 54.Nc4+ Kc7 55.a5 Bd1 56.b4 Kc6 57.Na3 Be2
58.e4 Bf1 59.b5+ Kd6 60.Nc4+ Kc7 61.Kc5 Kd7 62.Nd6 b6+ 63.axb6 Bg2 64.e5 Bf3
65.Kb4  1-0

[Event "Hungarian National Open 2013"]
[Site "Zalakaros HUN"]
[Date "2013.05.26"]
[Round "5"]
[White "Wukits,R"]
[Black "Stifter,Ewald"]
[Result "1-0"]
[WhiteElo "2292"]
[BlackElo "2013"]

1.d4 Nf6 2.Nf3 d5 3.c4 c6 4.Nc3 a6 5.c5 b5 6.Bf4 a5 7.a3 g6 8.h4 Bg7 9.e3 Bg4
10.Be2 Nbd7 11.Ne5 Nxe5 12.Bxe5 Bxe2 13.Qxe2 h5 14.f3 Qd7 15.O-O-O Kf8 16.Rdg1 Ne8
17.Bxg7+ Nxg7 18.g4 Ne6 19.Nd1 a4 20.Nf2 Nc7 21.Nd3 Na6 22.Ne5 Qc7 23.Qc2 e6
24.gxh5 Rxh5 25.Rg5 Rh6 26.h5 Ke7 27.Rhg1 gxh5 28.Nxf7  1-0

[Event "e2e4 Sunningdale Open"]
[Site "Ascot ENG"]
[Date "2013.05.27"]
[Round "6"]
[White "Williams,Si1"]
[Black "Buchicchio,Giam"]
[Result "1-0"]
[WhiteElo "2511"]
[BlackElo "2306"]

1.d4 d5 2.c4 c6 3.Nc3 Nf6 4.Nf3 a6 5.cxd5 cxd5 6.Bf4 Nc6 7.Ne5 e6 8.e3 Nxe5
9.Bxe5 Bd7 10.Bd3 Bc6 11.O-O Nd7 12.Bg3 f5 13.Ne2 g5 14.Be5 Nxe5 15.dxe5 Bc5
16.Rc1 Qe7 17.Qc2 Ba7 18.Bxa6 Bxe3 19.Bxb7 Bxb7 20.fxe3 Rxa2 21.Qc7 Qxc7
22.Rxc7 Rxb2 23.Nd4 O-O 24.Nxe6 Re8 25.Nc5 Bc8 26.Ra1 f4 27.exf4 gxf4 28.Raa7 Bf5
29.Nd7 Bxd7 30.Rxd7 Rc8 31.Rg7+ Kh8 32.Rxh7+ Kg8 33.Rhg7+ Kh8 34.Rgc7 Re8
35.e6 Re2 36.Rh7+ Kg8 37.Rag7+ Kf8 38.Rf7+ Kg8 39.e7 d4 40.Rfg7+  1-0

[Event "OKU Open A 2013"]
[Site "Maarssen NED"]
[Date "2013.06.01"]
[Round "4.13"]
[White "Hylkema,R"]
[Black "Fluit,J"]
[Result "1-0"]
[WhiteElo "2008"]
[BlackElo "2123"]

1.d4 d5 2.c4 c6 3.Nf3 Nf6 4.Nc3 a6 5.c5 Nbd7 6.Bf4 g6 7.e3 Bg7 8.Bd3 Nh5
9.O-O O-O 10.b4 Nxf4 11.exf4 b6 12.Qc2 bxc5 13.bxc5 f6 14.f5 g5 15.g4 Re8
16.Rfe1 Qc7 17.Kg2 Nf8 18.Rab1 e5 19.Qb3 Kh8 20.Qb6 Qd7 21.Bc2 Ng6 22.Ba4 Ne7
23.dxe5 Nxf5 24.e6 Rxe6 25.Rxe6 Qxe6 26.gxf5 Qf7 27.Bxc6 Bf8 28.Bxa8 Bxf5
29.Bxd5 Qg7 30.Nd4  1-0

[Event "Grand Europe Open Albena"]
[Site "Albena BUL"]
[Date "2013.06.03"]
[Round "3.30"]
[White "Ivelinov,H"]
[Black "Stefanova,A"]
[Result "1/2-1/2"]
[WhiteElo "2180"]
[BlackElo "2531"]

1.d4 d5 2.c4 c6 3.Nf3 Nf6 4.Nc3 a6 5.Qb3 e6 6.Bg5 dxc4 7.Qxc4 b5 8.Qd3 c5
9.Bxf6 gxf6 10.d5 c4 11.Qd4 Nd7 12.dxe6 fxe6 13.Rd1 Qc7 14.Qg4 Ne5 15.Nxe5 Qxe5
16.f4 Qe3 17.h4 Bc5 18.Rh3 Qf2+ 19.Kd2 b4 20.Na4 Bf8 21.Re3 Ra7 22.Nb6 c3+
23.Kd3 Bd7 24.Qh5+ Kd8 25.Qa5 Ke8 26.Qh5+ Kd8 27.Qa5 Ke8 28.Qh5+  1/2-1/2

[Event "FSFMA June 2013"]
[Site "Budapest HUN"]
[Date "2013.06.03"]
[Round "3.4"]
[White "Juhasz,Bel"]
[Black "Hocevar,N"]
[Result "1-0"]
[WhiteElo "2222"]
[BlackElo "2005"]

1.d4 d5 2.Nf3 c6 3.c4 Nf6 4.Nc3 a6 5.c5 g6 6.Bf4 Bg7 7.h3 Nbd7 8.e3 O-O 9.Bd3 b6
10.cxb6 Qxb6 11.Qd2 c5 12.Na4 Qc6 13.Nxc5 Nxc5 14.dxc5 Qxc5 15.Rc1 Qb6 16.Bc7 Qb7
17.Be5 Ne8 18.Bxg7 Nxg7 19.O-O Bd7 20.b3 Rfc8 21.Qa5 Bb5 22.Qb4 Qd7 23.Ne5 Qe8
24.a4 Bxd3 25.Nxd3 Rcb8 26.Qc3 a5 27.Nf4 e6 28.Nd3 Nf5 29.Ne5 Ne7 30.Ng4  1-0

[Event "FSIM June 2013"]
[Site "Budapest HUN"]
[Date "2013.06.05"]
[Round "5.3"]
[White "Kantor,G"]
[Black "Farago,S"]
[Result "1-0"]
[WhiteElo "2352"]
[BlackElo "2277"]

1.d4 d5 2.c4 c6 3.Nf3 Nf6 4.Nc3 a6 5.e3 b5 6.c5 Bf5 7.Ne5 Qc8 8.Be2 h5 9.O-O Nbd7
10.Nd3 a5 11.f3 b4 12.e4 Bh7 13.Na4 dxe4 14.fxe4 Bxe4 15.Ne5 e6 16.Nxd7 Nxd7
17.Bxh5 g6 18.Bf3 Bxf3 19.Qxf3 Rh7 20.Bg5 Be7 21.Bxe7 Kxe7 22.Rae1 Qc7 23.h3 Rah8
24.b3 Kd8 25.Nb2 Kc8 26.Nc4 Kb8 27.a3 bxa3 28.Ra1 Rh4 29.Rxa3  1-0

[Event "Grand Europe Open Albena"]
[Site "Albena BUL"]
[Date "2013.06.07"]
[Round "7.23"]
[White "Tarasova,Viktoriy"]
[Black "Raznikov,D"]
[Result "1/2-1/2"]
[WhiteElo "2292"]
[BlackElo "2491"]

1.d4 d5 2.c4 c6 3.Nf3 Nf6 4.Nc3 a6 5.e3 b5 6.b3 Bg4 7.Be2 Nbd7 8.h3 Bh5 9.O-O e6
10.Bd2 Bd6 11.Ne5 Bxe2 12.Nxe2 bxc4 13.bxc4 Qc7 14.Nxd7 Nxd7 15.Qc2 O-O 16.Rfc1 Rfc8
17.Rab1 Rab8 18.c5 Be7 19.Bc3 Rb5 20.Bd2 e5 21.Nc3 Rxb1 22.Rxb1 Rb8 23.Rxb8+ Qxb8
24.Qb3 Qc7 25.Ne2 h6 26.Bc3 exd4 27.exd4 Nf8 28.Bd2 Ne6 29.Qd3 Qb7 30.Qb3 Qc8
31.Qg3 Bf6 32.Qd3 Qb7 33.Bc3 g6 34.g3 h5 35.h4 Qc8 36.Kg2 Ng7 37.Bd2 Nf5
38.Bg5 Bg7 39.Bd2 Qb7 40.Bc3 Qc8 41.Bd2 Qb7 42.Bc3 Kf8 43.Nc1 Bf6 44.Ne2 Qc8
45.Nf4 Bg7 46.Ne2 Bf6 47.Nf4 Bg7 48.Ne2 Bh6 49.Bd2 Bxd2 50.Qxd2 Qe6 51.Qe3 Qe4+
52.Qxe4 dxe4 53.f3 Ne3+ 54.Kf2 Nd1+ 55.Kg2 Ne3+ 56.Kf2 exf3 57.Kxf3 Nd5 58.Ke4 Ke7
59.a3 a5 60.Kd3 Ke6 61.Ke4 Nf6+ 62.Kd3 Kf5 63.Nc3 Ke6 64.Kc4 Ng4 65.d5+ cxd5+
66.Nxd5 Ne5+ 67.Kd4 Nc6+ 68.Kc4 Ne5+ 69.Kd4 Nc6+ 70.Kc4 Ne5+  1/2-1/2

[Event "27th Pula Open 2013"]
[Site "Pula CRO"]
[Date "2013.06.09"]
[Round "2.3"]
[White "Jovanic,O"]
[Black "Plenca,Jadranko"]
[Result "1-0"]
[WhiteElo "2532"]
[BlackElo "2150"]

1.d4 d5 2.c4 c6 3.Nc3 Nf6 4.Nf3 a6 5.a4 e6 6.e3 Nbd7 7.Bd3 b6 8.O-O Bb7 9.e4 dxe4
10.Nxe4 c5 11.d5 exd5 12.cxd5 Nxe4 13.Bxe4 Bd6 14.Bg5 Qc7 15.Qc2 h6 16.Bh4 O-O
17.Rad1 Ne5 18.Nxe5 Bxe5 19.Bg3 Bxg3 20.hxg3 Rad8 21.d6 Qc8 22.Rfe1 Bxe4
23.Qxe4 Rd7 24.Rd2 Qa8 25.Qf4 Re8 26.Rxe8+ Qxe8 27.Rd5 Qe6 28.Qd2 Qe4 29.a5 b5
30.Rxc5 Qb7 31.b4 Qb8 32.Rc6  1-0

[Event "27th Pula Open 2013"]
[Site "Pula CRO"]
[Date "2013.06.10"]
[Round "3.20"]
[White "Karner,C"]
[Black "Skok,B"]
[Result "1-0"]
[WhiteElo "2321"]
[BlackElo "2029"]

1.d4 d5 2.c4 c6 3.Nf3 Nf6 4.Nc3 a6 5.cxd5 cxd5 6.Bf4 Nc6 7.Rc1 Bf5 8.e3 e6
9.Qb3 Bb4 10.Be2 O-O 11.O-O Qe7 12.a3 Bxc3 13.bxc3 Ne4 14.Qa2 b5 15.a4 Ra7
16.Nd2 Nxd2 17.Qxd2 Na5 18.Qa2 Nc4 19.Ra1 Rfa8 20.Rfe1 h6 21.Bf1 Qb7 22.f3 Qc6
23.axb5 axb5 24.Qxa7 Rxa7 25.Rxa7 Bc2 26.Rea1 Ba4 27.Rc7 Qe8 28.Rb7 Kh7 29.Bd3+ g6
30.Bxc4 bxc4 31.Be5 g5 32.Rb8 Kg6 33.Rxe8  1-0

[Event "27th Pula Open 2013"]
[Site "Pula CRO"]
[Date "2013.06.10"]
[Round "3.3"]
[White "Krebs,Jo"]
[Black "Jovanic,O"]
[Result "0-1"]
[WhiteElo "2268"]
[BlackElo "2532"]

1.d4 d5 2.c4 c6 3.Nf3 Nf6 4.Nc3 a6 5.c5 Bf5 6.Bf4 Nbd7 7.e3 Nh5 8.Nh4 Nxf4
9.Nxf5 Ng6 10.f4 e6 11.Ng3 Nh4 12.Qc2 f5 13.Bd3 Be7 14.Nf1 g5 15.O-O-O b6
16.g3 Ng6 17.g4 Nh4 18.gxf5 exf5 19.Ng3 bxc5 20.Nxf5 gxf4 21.exf4 Nxf5 22.Bxf5 Qc7
23.Rhe1 Nf6 24.Kb1 O-O 25.Re3 Kh8 26.Rg1 Rg8 27.Reg3 Qxf4 28.Ne2 Rxg3 29.hxg3 Qf3
30.Nf4 Bd6 31.Qh2 Bxf4 32.Qh4 Be5 33.Bc2 Bxd4 34.Rh1 Rb8  0-1